Fr. Conceicao Rodrigues College of Engineering

Intel Microprocessors (Record no. 33466)

MARC details
000 -LEADER
fixed length control field 00356nam a2200169Ia 4500
082 ## - DEWEY DECIMAL CLASSIFICATION NUMBER
Classification number 004.165/ROD
Item number ROD
100 ## - MAIN ENTRY--PERSONAL NAME
Personal name Brey/barry B
250 ## - EDITION STATEMENT
Edition statement 8
245 ## - TITLE STATEMENT
Title Intel Microprocessors
260 ## - PUBLICATION, DISTRIBUTION, ETC.
Name of publisher, distributor, etc. Pearson Education
Place of publication, distribution, etc. Mumbai
Date of publication, distribution, etc. 2008
366 ## - TRADE AVAILABILITY INFORMATION
Publishers's discount category 17.5
300 ## - PHYSICAL DESCRIPTION
Extent 926
546 ## - LANGUAGE NOTE
Language note ENGLISH
650 ## - SUBJECT ADDED ENTRY--TOPICAL TERM
Topical term or geographic name entry element Microprocessors
942 ## - ADDED ENTRY ELEMENTS (KOHA)
Koha item type BOOK
Holdings
Withdrawn status Lost status Damaged status Not for loan Collection Home library Current library Date acquired Source of acquisition Cost, normal purchase price Inventory number Total Checkouts Full call number Barcode Date last seen Cost, replacement price Price effective from Koha item type
        CRC Fr. Agnel's C.Rodrigues College of Engineering Fr. Agnel's C.Rodrigues College of Engineering 17/03/2023 Educational books and periodicals 350.63 258 dt 27/04/2009   004.165/ROD ROD 19568 17/03/2023 425.00   BOOK